[Event "Nordic-ch U17"]
[Site "Drammen"]
[Date "2017.02.19"]
[Round "5"]
[White "Moller, Sophus Mechlenburg"]
[Black "Hallman, Valo"]
[Result "0-1"]
[WhiteElo "2115"]
[BlackElo "2142"]
[PlyCount "74"]
[EventDate "2017.02.17"]
[EventType "swiss"]
[EventRounds "6"]
[EventCountry "NOR"]
[SourceTitle "CBM 177 Extra"]
[Source "ChessBase"]
[SourceDate "2017.04.27"]
[SourceVersion "1"]
[SourceVersionDate "2017.04.27"]
[SourceQuality "1"]

1. e4 e5 2. Nf3 Nc6 3. Bb5 a6 4. Ba4 Nf6 5. 0-0 Be7 6. Re1 b5 7. Bb3 0-0 8. h3 d6 9. c3 Bb7 10. d4 Re8 11. Nbd2 Bf8 12. a4 h6 13. Bc2 exd4 14. cxd4 Nb4 15. Bb1 c5 16. d5 g6 17. Nf1 Bg7 18. Qb3 Nd7 19. Bd2 bxa4 20. Rxa4 a5 21. Ne3 Nb6 22. Ra3 a4 23. Qd1 Bxb2 24. Rc3 a3 25. Rb3 Bg7 26. Bxb4 cxb4 27. Re2 Na4 28. Rxb4 Nc3 29. Qe1 Nxe2+ 30. Qxe2 Qc7 31. Nc4 Ba6 32. Qa2 Bxc4 33. Rxc4 Qb7 34. Nd2 Reb8 35. Qc2 Qb2 36. Kh2 Qxc2 37. Rxc2 Rxb1 0-1

[Event "World ol U16"]
[Site "Poprad"]
[Date "2016.07.27"]
[Round "7.3"]
[White "Muetsch, Annmarie"]
[Black "Moller, Sophus Mechlenburg"]
[Result "1/2-1/2"]
[WhiteElo "2048"]
[BlackElo "2142"]
[PlyCount "154"]
[EventDate "2016.07.22"]
[EventType "team-swiss"]
[EventRounds "9"]
[EventCountry "SVK"]
[SourceTitle "EXT 2017"]
[Source "ChessBase"]
[SourceDate "2016.10.25"]
[SourceVersion "1"]
[SourceVersionDate "2016.10.25"]
[SourceQuality "1"]
[WhiteTeam "Germany III"]
[BlackTeam "Denmark"]
[WhiteTeamCountry "GER"]
[BlackTeamCountry "DEN"]

1. e4 c5 2. Nf3 g6 3. d4 cxd4 4. Nxd4 Nf6 5. Nc3 d6 6. Be3 Bg7 7. f3 Nc6 8. Qd2 0-0 9. 0-0-0 d5 10. Qe1 e5 11. Nxc6 bxc6 12. exd5 Nxd5 13. Bc4 Be6 14. Ne4 Qc7 15. Bc5 Rfd8 16. g4 Rab8 17. h4 Nf4 18. Bxe6 Nxe6 19. Bd6 Rxd6 20. Nxd6 Nd4 21. Nc4 Nxf3 22. Qa5 Qe7 23. Qa3 Qxa3 24. Nxa3 e4 25. Nc4 f5 26. Rd6 Re8 27. Kd1 fxg4 28. Ne3 g3 29. c3 Bh6 30. Ng2 e3 31. Ke2 Nd2 32. Rf6 Kg7 33. Rxc6 Rf8 34. Rc7+ Kg8 35. Kd3 Rf2 36. h5 Rxg2 37. hxg6 Rh2 38. gxh7+ Kh8 39. Rg1 Bf4 40. Rf7 Rf2 41. Rxf4 Rxf4 42. Kxe3 Rf2 43. Rxg3 Rh2 44. Kd4 Nb1 45. Rg8+ Kxh7 46. Rb8 Kg6 47. Kc5 Kf6 48. Rb4 Ke6 49. Kc6 Nd2 50. Kb7 Rh7+ 51. Ka6 Nf3 52. a4 Kd6 53. Rf4 Ne5 54. b4 Rc7 55. Rd4+ Ke7 56. b5 Nd7 57. Ka5 Rxc3 58. Kb4 Rc8 59. a5 Kd8 60. Rd6 Kc7 61. Ra6 Kb7 62. Rd6 Rc7 63. Rd4 Ne5 64. Kb3 Re7 65. Re4 a6 66. Ka4 axb5+ 67. Kxb5 Ka7 68. a6 Re8 69. Rb4 Rb8+ 70. Ka4 Rd8 71. Re4 Rd5 72. Rh4 Kxa6 73. Rh6+ Kb7 74. Kb4 Nc6+ 75. Kc4 Rg5 76. Rh2 Rg4+ 77. Kc5 Rg5+ 1/2-1/2

[Event "World ol U16"]
[Site "Poprad"]
[Date "2016.07.24"]
[Round "4.2"]
[White "Nazarova, Anastasia"]
[Black "Moller, Sophus Mechlenburg"]
[Result "1/2-1/2"]
[WhiteElo "2032"]
[BlackElo "2142"]
[PlyCount "66"]
[EventDate "2016.07.22"]
[EventType "team-swiss"]
[EventRounds "9"]
[EventCountry "SVK"]
[SourceTitle "EXT 2017"]
[Source "ChessBase"]
[SourceDate "2016.10.25"]
[SourceVersion "1"]
[SourceVersionDate "2016.10.25"]
[SourceQuality "1"]
[WhiteTeam "Finland"]
[BlackTeam "Denmark"]
[WhiteTeamCountry "FIN"]
[BlackTeamCountry "DEN"]

1. e4 c5 2. Nf3 d6 3. c4 g6 4. d4 cxd4 5. Nxd4 Bg7 6. Nc3 Nc6 7. Be3 Nf6 8. Be2 0-0 9. 0-0 Nxd4 10. Bxd4 Bd7 11. Rc1 Bc6 12. f3 Nd7 13. Bxg7 Kxg7 14. Qd4+ Kg8 15. Rfd1 Qb6 16. Qxb6 Nxb6 17. Rd2 Rac8 18. Rcd1 Bd7 19. b3 Be6 20. Nb5 a5 21. Nd4 Rc5 22. f4 Rd8 23. Bf3 a4 24. e5 d5 25. Ne2 Rd7 26. cxd5 Bxd5 27. Bxd5 Rdxd5 28. Rxd5 Nxd5 29. bxa4 e6 30. Rd2 Rc4 31. g3 Rxa4 32. Rb2 b6 33. Kf2 Ra3 1/2-1/2

[Event "World ol U16"]
[Site "Gyor"]
[Date "2014.12.20"]
[Round "9.3"]
[White "Moller, Sophus Mechlenburg"]
[Black "Modi, Sachin"]
[Result "1-0"]
[WhiteElo "2133"]
[BlackElo "1718"]
[PlyCount "107"]
[EventDate "2014.12.13"]
[EventType "team-swiss"]
[EventRounds "10"]
[EventCountry "HUN"]
[SourceTitle "EXT 2016"]
[Source "ChessBase"]
[SourceDate "2015.10.08"]
[SourceVersion "1"]
[SourceVersionDate "2015.10.08"]
[SourceQuality "1"]
[WhiteTeam "Denmark"]
[BlackTeam "South Africa"]
[WhiteTeamCountry "DEN"]
[BlackTeamCountry "RSA"]

1. e4 c5 2. Nf3 Nc6 3. d4 cxd4 4. Nxd4 g6 5. c4 Nf6 6. Nc3 d6 7. Be2 Nxd4 8. Qxd4 Bg7 9. Be3 0-0 10. Qd2 Bd7 11. 0-0 Bc6 12. f3 a5 13. b3 Nd7 14. Rab1 Nc5 15. Rfc1 Qb6 16. a3 Nxb3 17. Bxb6 Nxd2 18. Rb2 Bh6 19. Rcc2 a4 20. Rxd2 Bxd2 21. Rxd2 f6 22. Kf2 Kf7 23. Ke3 h6 24. Rb2 Rfc8 25. Rb4 g5 26. Nb5 Bxb5 27. Rxb5 Rc6 28. Kd3 Ra6 29. Bd4 b6 30. Bd1 e5 31. Be3 Ke6 32. Rb4 Rc8 33. Kc3 Rb8 34. Bxa4 f5 35. Kb2 fxe4 36. fxe4 Rba8 37. Bc6 Rb8 38. a4 Ke7 39. Kc3 Kd8 40. Rb2 Kc7 41. Bb5 Raa8 42. Rf2 Rf8 43. Rf5 Rab8 44. Kb4 Rxf5 45. exf5 g4 46. Bxh6 Rh8 47. Bg7 Rxh2 48. f6 Rxg2 49. f7 Rf2 50. f8Q Rxf8 51. Bxf8 g3 52. Bh6 Kd8 53. Bc6 Ke7 54. Kb5 1-0

[Event "World ol U16 11th"]
[Site "Istanbul"]
[Date "2012.09.05"]
[Round "10.14"]
[White "Moller, Sophus Mechlenburg"]
[Black "Hamdan, Marshool"]
[Result "1-0"]
[WhiteElo "1784"]
[BlackElo "1749"]
[PlyCount "95"]
[EventDate "2012.08.29"]
[EventType "team-swiss"]
[EventRounds "10"]
[EventCountry "TUR"]
[SourceTitle "CBM 150 Extra"]
[Source "ChessBase"]
[SourceDate "2012.10.19"]
[SourceVersion "1"]
[SourceVersionDate "2012.10.19"]
[SourceQuality "1"]
[WhiteTeam "Denmark (U16)"]
[BlackTeam "United Arab Emirates (U16)"]
[WhiteTeamCountry "DEN"]
[BlackTeamCountry "UAE"]

1. e4 d6 2. d4 Nf6 3. Nc3 Nbd7 4. Nf3 e5 5. dxe5 Nxe5 6. Nxe5 dxe5 7. Qxd8+ Kxd8 8. Bg5 c6 9. Bc4 Be6 10. 0-0-0+ Kc7 11. Bxe6 fxe6 12. Rd3 Bb4 13. f3 h6 14. Bh4 Rad8 15. Rhd1 Rxd3 16. cxd3 Bc5 17. Bg3 Be3+ 18. Kc2 Bf4 19. Bxf4 exf4 20. Ne2 Nh5 21. d4 g5 22. Kd3 Rf8 23. h4 Rg8 24. hxg5 Rxg5 25. Rh1 Ng3 26. Nxg3 Rxg3 27. Rh2 h5 28. Kc3 Rg5 29. e5 b5 30. Kd3 c5 31. Ke4 c4 32. Kxf4 Rf5+ 33. Ke3 b4 34. g4 hxg4 35. fxg4 Rf7 36. Rc2 a5 37. Rxc4+ Kb6 38. g5 Rg7 39. Kf4 Rf7+ 40. Kg3 Rg7 41. Kg4 Rf7 42. Rc2 a4 43. g6 Rf1 44. Rg2 Rf8 45. g7 Rg8 46. Kh5 Kc6 47. Kg6 Kd5 48. Kf7 1-0

[Event "World ol U16 11th"]
[Site "Istanbul"]
[Date "2012.09.04"]
[Round "9.14"]
[White "Moller, Sophus Mechlenburg"]
[Black "Ding, Tze How Dilwen"]
[Result "0-1"]
[WhiteElo "1784"]
[BlackElo "1710"]
[PlyCount "90"]
[EventDate "2012.08.29"]
[EventType "team-swiss"]
[EventRounds "10"]
[EventCountry "TUR"]
[SourceTitle "CBM 150 Extra"]
[Source "ChessBase"]
[SourceDate "2012.10.19"]
[SourceVersion "1"]
[SourceVersionDate "2012.10.19"]
[SourceQuality "1"]
[WhiteTeam "Denmark (U16)"]
[BlackTeam "Malaysia (U16)"]
[WhiteTeamCountry "DEN"]
[BlackTeamCountry "MAS"]

1. e4 e6 2. d3 d5 3. Nd2 c5 4. Ngf3 Nc6 5. g3 Nf6 6. Bg2 Be7 7. 0-0 b6 8. Re1 Bb7 9. e5 Nd7 10. Nf1 Qc7 11. Bf4 h6 12. h4 0-0-0 13. c3 Rdg8 14. d4 g5 15. hxg5 hxg5 16. Be3 f5 17. exf6 Bxf6 18. Rc1 c4 19. b3 Na5 20. N3d2 Ba6 21. a4 cxb3 22. Nxb3 Nc4 23. Nfd2 Nb2 24. Qg4 Nd3 25. Bf1 Nf8 26. Bxd3 Bxd3 27. Kg2 Bf5 28. Qf3 g4 29. Qf4 Qxf4 30. Bxf4 Ng6 31. Bd6 Kd7 32. Bb4 Bg5 33. c4 Rc8 34. c5 Rc6 35. cxb6 Rxb6 36. Nc5+ Ke7 37. Ba3 Bxd2 38. Ne4+ Bb4 39. Bxb4+ Rxb4 40. Nc5 Rxd4 41. Red1 Rxd1 42. Rxd1 Kd6 43. Nb3 Be4+ 44. Kf1 Rh1+ 45. Ke2 Bf3+ 0-1

[Event "World ol U16 11th"]
[Site "Istanbul"]
[Date "2012.09.01"]
[Round "6.16"]
[White "Dogan, Sevval"]
[Black "Moller, Sophus Mechlenburg"]
[Result "0-1"]
[WhiteElo "1659"]
[BlackElo "1784"]
[PlyCount "122"]
[EventDate "2012.08.29"]
[EventType "team-swiss"]
[EventRounds "10"]
[EventCountry "TUR"]
[SourceTitle "CBM 150 Extra"]
[Source "ChessBase"]
[SourceDate "2012.10.19"]
[SourceVersion "1"]
[SourceVersionDate "2012.10.19"]
[SourceQuality "1"]
[WhiteTeam "Turkey White U16"]
[BlackTeam "Denmark (U16)"]
[WhiteTeamCountry "TUR"]
[BlackTeamCountry "DEN"]

1. e4 c5 2. Nf3 d6 3. d4 cxd4 4. Nxd4 Nf6 5. Nc3 g6 6. Bg5 Bg7 7. Be2 Nc6 8. Nb3 0-0 9. 0-0 Be6 10. Re1 Rc8 11. Bf1 Ne5 12. Nd5 Nxd5 13. exd5 Bf5 14. c3 Re8 15. Bh4 Qb6 16. Kh1 Ng4 17. Qd2 Nf6 18. f3 Bd7 19. Bf2 Qc7 20. Rad1 b5 21. Re2 a5 22. Qe1 a4 23. Na1 a3 24. bxa3 Qxc3 25. Qxc3 Rxc3 26. Nb3 Kf8 27. Be1 Rc7 28. Ba5 Ra7 29. Bb4 Rc8 30. Kg1 Rac7 31. Kf2 Rc2 32. Nd4 Rxe2+ 33. Bxe2 Nxd5 34. Nxb5 Nxb4 35. axb4 Bxb5 36. Bxb5 Rc2+ 37. Kf1 Rxa2 38. Bc6 Rb2 39. b5 Be5 40. h3 e6 41. Ra1 Bd4 42. Ra8+ Kg7 43. Ra4 Bc5 44. f4 Rf2+ 45. Ke1 d5 46. g4 Rh2 47. Ra6 Rxh3 48. b6 Rb3 49. b7 Rb2 50. Ra8 Bd6 51. f5 exf5 52. gxf5 d4 53. fxg6 hxg6 54. Rd8 Be5 55. Be4 g5 56. Bc6 g4 57. Ra8 d3 58. Rd8 d2+ 59. Kd1 Bf4 60. Rd4 Rb1+ 61. Kc2 Rc1+ 0-1

[Event "World ol U16 11th"]
[Site "Istanbul"]
[Date "2012.08.31"]
[Round "4.13"]
[White "Spacek, Oliver"]
[Black "Moller, Sophus Mechlenburg"]
[Result "1-0"]
[WhiteElo "1945"]
[BlackElo "1784"]
[PlyCount "117"]
[EventDate "2012.08.29"]
[EventType "team-swiss"]
[EventRounds "10"]
[EventCountry "TUR"]
[SourceTitle "CBM 150 Extra"]
[Source "ChessBase"]
[SourceDate "2012.10.19"]
[SourceVersion "1"]
[SourceVersionDate "2012.10.19"]
[SourceQuality "1"]
[WhiteTeam "Slovakia (U16) II"]
[BlackTeam "Denmark (U16)"]
[WhiteTeamCountry "SVK"]
[BlackTeamCountry "DEN"]

1. d4 Nf6 2. c4 g6 3. Nc3 Bg7 4. e4 d6 5. h3 0-0 6. Bg5 c5 7. d5 e6 8. Bd3 exd5 9. cxd5 Re8 10. Nge2 Nbd7 11. 0-0 a6 12. a4 Qa5 13. Bd2 Qc7 14. Ng3 c4 15. Bc2 Nc5 16. Qe2 Ncd7 17. Kh1 b6 18. f4 Rb8 19. Be3 Rb7 20. Rfe1 b5 21. axb5 axb5 22. Ra2 Qb8 23. Rea1 b4 24. Nd1 Qc7 25. Nf2 Nb6 26. Ra6 Bd7 27. Bxb6 Rxb6 28. Ra7 Qc8 29. Ra8 Qc5 30. e5 dxe5 31. Nfe4 Nxe4 32. Rxe8+ Bxe8 33. Qxe4 b3 34. Bb1 Qd4 35. Ra8 Kf8 36. f5 Rd6 37. Ne2 Qxd5 38. Qxd5 Rxd5 39. Nc3 Rd2 40. Be4 Bf6 41. Nd5 Bh4 42. g3 Be7 43. f6 Bd6 44. Rd8 Bc5 45. Rc8 Rd4 46. Rxc5 Rxe4 47. Rc8 h5 48. Nc7 Kg8 49. Nxe8 Re1+ 50. Kg2 Re2+ 51. Kf3 Rxb2 52. Nd6+ Kh7 53. Nxf7 g5 54. Nxg5+ Kg6 55. f7 e4+ 56. Ke3 Re2+ 57. Kxe2 b2 58. f8Q b1Q 59. Rc6+ 1-0

[Event "World ol U16 11th"]
[Site "Istanbul"]
[Date "2012.08.30"]
[Round "3.16"]
[White "Moller, Sophus Mechlenburg"]
[Black "Ozgur, Tibet Kagan"]
[Result "1-0"]
[WhiteElo "1784"]
[BlackElo "1653"]
[PlyCount "71"]
[EventDate "2012.08.29"]
[EventType "team-swiss"]
[EventRounds "10"]
[EventCountry "TUR"]
[SourceTitle "CBM 150 Extra"]
[Source "ChessBase"]
[SourceDate "2012.10.19"]
[SourceVersion "1"]
[SourceVersionDate "2012.10.19"]
[SourceQuality "1"]
[WhiteTeam "Denmark (U16)"]
[BlackTeam "Turkey Istanbul (U16)"]
[WhiteTeamCountry "DEN"]
[BlackTeamCountry "TUR"]

1. e4 c5 2. Nf3 d6 3. d4 cxd4 4. Nxd4 Nf6 5. Nc3 a6 6. Be3 e5 7. Nb3 Be6 8. f3 Be7 9. Qd2 0-0 10. 0-0-0 b5 11. g4 Nbd7 12. g5 Nh5 13. Ne2 Nb6 14. Na5 Nc4 15. Nxc4 Bxc4 16. Ng3 Bxf1 17. Rhxf1 Nf4 18. h4 f6 19. gxf6 Rxf6 20. Nf5 Kh8 21. Bxf4 exf4 22. h5 Re6 23. Rg1 Bf6 24. Nxd6 Qf8 25. Qd5 Re7 26. Nf5 Rc7 27. e5 Rd8 28. Qe4 Re8 29. e6 Qc5 30. Nd6 Rd8 31. Nf7+ Rxf7 32. Rxd8+ Rf8 33. Rxf8+ Qxf8 34. Rd1 Be7 35. Rd7 Bc5 36. e7 1-0

[Event "Kiel op 25th"]
[Site "Kiel"]
[Date "2012.07.28"]
[Round "1"]
[White "Ghadimi, Mohammed Reza"]
[Black "Moller, Sophus Mechlenburg"]
[Result "1-0"]
[WhiteElo "2118"]
[BlackElo "1784"]
[PlyCount "45"]
[EventDate "2012.07.28"]
[EventType "swiss"]
[EventRounds "9"]
[EventCountry "GER"]
[SourceTitle "EXT 2015"]
[Source "ChessBase"]
[SourceDate "2014.11.20"]
[SourceVersion "1"]
[SourceVersionDate "2014.11.20"]
[SourceQuality "1"]

1. e4 c5 2. Nf3 d6 3. d4 cxd4 4. Nxd4 Nf6 5. Nc3 g6 6. Be2 Bg7 7. 0-0 0-0 8. Bg5 Nc6 9. Nb3 Be6 10. f4 Qb6+ 11. Kh1 Rac8 12. f5 Bd7 13. Bxf6 exf6 14. Qxd6 Qc7 15. Qxc7 Rxc7 16. Nd5 Rcc8 17. Nc5 Be8 18. Nxb7 Rb8 19. Ba6 Bd7 20. Nc5 Bc8 21. Bxc8 Rfxc8 22. b3 Nd4 23. Ne7+ 1-0